000
00319 a2200109 4500
001
ART_3586
005
20260410161716.0
008
260409a
245
1
0
_a
La horticultura bonaerense
100
1
_a
Benencia, Roberto
773
0
_t
Desarrollo económico
_g
- Vol. 34, Nº 133 (abr./jun. 1994)
_w
REV1174
999
_c
16533
_d
16533